| 000 | 01235nam a22001697a 4500 | ||
|---|---|---|---|
| 999 |
_c57030 _d57030 |
||
| 005 | 20210623130209.0 | ||
| 008 | 191021s2019 ge ||||| |||| 00| 0 geo d | ||
| 020 | _q1512-374X | ||
| 041 | _ageo | ||
| 245 |
_aხელისუფლება და საზოგადოება = Authoriti and society = Bласть и общество : სამეცნიერო ჟურნალი _bისტორია, თეორია, პრაქტიკა : ღია დიპლომატიის ასოციაციის სამეცნიერო ჟურნალი / _cსაქართველოს ტექნიკური უნივერსიტეტის სახელმწიფო მართვის კათედრა ; რედაქტორი შოთა დოღონაძე. |
||
| 260 |
_aთბილისი : _bტექნიკური უნივერსიტეტი, _c2005 - |
||
| 300 | _aV. | ||
| 653 | _aპერიოდიკა | ||
| 653 | _aისტორია თეორია პრაქტიკა | ||
| 700 |
_aდოღონაძე, შოთა _eმთავარი რედაქტორი _94915 |
||
| 942 |
_2udc _cCR |
||